000 00711nam a2200217Ia 4500
003 GCL
005 20240530102035.0
008 140319s9999 xx 000 0 ara d
020 _a9973162420
040 _aGCL /
_cGCL
082 0 4 _a254
_bا ا
100 1 _aالطاهر الحداد
245 1 0 _aامرأتنا فى الشريعة والمجتمع /
_cالطاهر الحداد
260 _aتونس :
_bدار المعارف للطباعة والنشر ،
_c1992
300 _a224 ص ؛
_b24 سم
650 0 4 _aالاسلام
650 0 4 _aالشريعة الاسلامية
650 0 4 _aالفقه الاسلامى
650 0 4 _aالاحوال الشخصية للمسلمين
942 _2ddc
_cBK
999 _c29355
_d29355